[Event "GER-chT U16 Girls"]
[Site "Neumuenster"]
[Date "2022.12.29"]
[Round "6"]
[White "Muhina, Alina"]
[Black "Siegel, Irene"]
[Result "1/2-1/2"]
[WhiteElo "1190"]
[BlackElo "1253"]
[PlyCount "110"]
[EventDate "2022.12.26"]
[EventType "team-swiss"]
[EventRounds "7"]
[EventCountry "GER"]
[SourceTitle "CBM 212 Extra"]
[Source "ChessBase"]
[SourceDate "2023.03.31"]
[SourceVersion "1"]
[SourceVersionDate "2023.03.31"]
[SourceQuality "1"]
[WhiteTeam "Garching"]
[BlackTeam "Porz SG"]
[WhiteTeamCountry "GER"]
[BlackTeamCountry "GER"]

1. e4 e5 2. Nf3 Nc6 3. d4 exd4 4. Nxd4 Bc5 5. Nxc6 Qf6 6. f4 Qxc6 7. Bd3 Nf6 8. Qe2 0-0 9. Nc3 Re8 10. Bd2 a6 11. 0-0-0 d6 12. h3 Bf5 13. Rhe1 b5 14. g4 Bc8 15. g5 Nd7 16. Qh5 Nf8 17. f5 Bd4 18. Nd5 Bxf5 19. Ne7+ Rxe7 20. exf5 Rxe1 21. Rxe1 Re8 22. Rf1 Qd5 23. b3 c5 24. c4 Qc6 25. f6 bxc4 26. fxg7 Ng6 27. Bxc4 d5 28. Qf3 Ne5 29. Bxd5 Qg6 30. Be4 Nxf3 31. Bxg6 Nxd2 32. Bxf7+ Kxg7 33. Kxd2 Rf8 34. Bc4 Rxf1 35. Bxf1 a5 36. Bd3 Bf2 37. Kc3 Be1+ 38. Kc4 Bb4 39. Kd5 Kg8 40. Ke6 Kg7 41. h4 Kg8 42. h5 Kg7 43. Bc4 Kf8 44. Kf5 Kg7 45. h6+ Kf8 46. Bd3 Kg8 47. Ke6 Bd2 48. g6 hxg6 49. Bxg6 Bxh6 50. Kd5 Bd2 51. Kxc5 Bb4+ 52. Kb5 Kf8 53. Ka4 Ke7 54. a3 Bd2 55. Kb5 Kd6 1/2-1/2

[Event "GER-chT U16 Girls"]
[Site "Neumuenster"]
[Date "2022.12.27"]
[Round "2"]
[White "Falke, Franziska"]
[Black "Siegel, Irene"]
[Result "0-1"]
[WhiteElo "889"]
[BlackElo "1253"]
[PlyCount "108"]
[EventDate "2022.12.26"]
[EventType "team-swiss"]
[EventRounds "7"]
[EventCountry "GER"]
[SourceTitle "CBM 212 Extra"]
[Source "ChessBase"]
[SourceDate "2023.03.31"]
[SourceVersion "1"]
[SourceVersionDate "2023.03.31"]
[SourceQuality "1"]
[WhiteTeam "Elmshorn"]
[BlackTeam "Porz SG"]
[WhiteTeamCountry "GER"]
[BlackTeamCountry "GER"]

1. d4 d5 2. Bf4 Bf5 3. e3 Nf6 4. c4 e6 5. Nc3 Nc6 6. Nf3 Be7 7. Bd3 Bxd3 8. Qxd3 Nb4 9. Qe2 dxc4 10. Nb5 Nd3+ 11. Kd1 Nxf4 12. exf4 a6 13. Nc3 b5 14. Ne5 Qxd4+ 15. Qd2 Qxd2+ 16. Kxd2 0-0 17. a3 Bd6 18. Nf3 Bxf4+ 19. Ke2 Nd5 20. Rhe1 Bh6 21. Rad1 Nf4+ 22. Kf1 Rad8 23. Ne4 Nd3 24. Re2 a5 25. Rc2 f5 26. Nc3 c6 27. Re2 Kf7 28. Ne5+ Nxe5 29. Rxd8 Rxd8 30. Rxe5 Bf4 31. Rc5 Rc8 32. Nxb5 Rb8 33. g3 Rxb5 34. Rxb5 cxb5 35. gxf4 Kf6 36. Ke2 e5 37. Ke3 exf4+ 38. Kxf4 g5+ 39. Kg3 Ke5 40. Kf3 Kd4 41. Ke2 c3 42. Kd1 cxb2 43. Kc2 b1Q+ 44. Kxb1 Kc3 45. Ka2 b4 46. axb4 axb4 47. Kb1 Kb3 48. f3 h6 49. h3 f4 50. Ka1 Kc2 51. Ka2 b3+ 52. Ka1 b2+ 53. Ka2 b1Q+ 54. Ka3 Qb3# 0-1

[Event "GER-chT Christmas U20 Girls"]
[Site "Playchess.com INT"]
[Date "2020.12.29"]
[Round "3.3"]
[White "Siegel, Irene"]
[Black "Mueller, Riyanna"]
[Result "0-1"]
[WhiteElo "1212"]
[BlackElo "1364"]
[PlyCount "84"]
[EventDate "2020.12.29"]
[EventType "team-swiss (blitz)"]
[EventRounds "7"]
[EventCountry "GER"]
[SourceTitle "CBM 200 Extra"]
[Source "ChessBase"]
[SourceDate "2021.03.31"]
[SourceVersion "1"]
[SourceVersionDate "2021.03.31"]
[SourceQuality "1"]
[WhiteTeam "Koeln Porz"]
[BlackTeam "Landskrone"]
[WhiteTeamCountry "GER"]
[BlackTeamCountry "GER"]

1. e4 e5 2. Nf3 Nc6 3. d4 exd4 4. Nxd4 Bc5 5. Be3 Qf6 6. c3 Nge7 7. Bc4 0-0 8. 0-0 a6 9. Nxc6 Qxc6 10. Nd2 Bxe3 11. fxe3 d5 12. exd5 Nxd5 13. Qf3 Be6 14. e4 Nb6 15. Bd3 Rad8 16. Rad1 Rd7 17. h3 h6 18. Qg3 Rfd8 19. Nb3 Bxb3 20. axb3 Qe6 21. Bc2 Rxd1 22. Rxd1 Rxd1+ 23. Bxd1 Qxe4 24. Qxc7 Qe1+ 25. Kh2 Qxd1 26. Qxb6 Qd7 27. b4 Qb5 28. Qxb5 axb5 29. Kg3 Kf8 30. Kf4 Ke7 31. Ke5 f6+ 32. Kd5 g5 33. Kc5 f5 34. Kxb5 Kd7 35. Kb6 Kc8 36. c4 h5 37. c5 g4 38. c6 bxc6 39. Kxc6 gxh3 40. gxh3 f4 41. b5 f3 42. b6 f2 0-1

[Event "GER-chT U14 Girls"]
[Site "Neumuenster"]
[Date "2019.12.29"]
[Round "5.1"]
[White "Voigt, Anastasia"]
[Black "Siegel, Irene"]
[Result "1-0"]
[WhiteElo "1511"]
[BlackElo "1004"]
[PlyCount "61"]
[EventDate "2019.12.27"]
[EventType "team-swiss"]
[EventRounds "7"]
[EventCountry "GER"]
[SourceTitle "CBM 194 Extra"]
[Source "ChessBase"]
[SourceDate "2020.03.31"]
[SourceVersion "1"]
[SourceVersionDate "2020.03.31"]
[SourceQuality "1"]
[WhiteTeam "Halle USV"]
[BlackTeam "Porz SG"]
[WhiteTeamCountry "GER"]
[BlackTeamCountry "GER"]

1. e4 e5 2. Nf3 Nc6 3. Bc4 Bc5 4. c3 Nf6 5. d3 d6 6. h3 a6 7. Bb3 h6 8. Nbd2 0-0 9. Nf1 Re8 10. Ne3 Ne7 11. 0-0 Ng6 12. Re1 c6 13. Nf1 Nh7 14. Be3 Bxe3 15. Nxe3 Nh4 16. Nc4 Nxf3+ 17. Qxf3 Be6 18. d4 d5 19. Nxe5 Ng5 20. Qh5 Nxe4 21. Bc2 Ng5 22. f4 Nh7 23. Bxh7+ Kxh7 24. f5 Bd7 25. Qxf7 Rf8 26. Qxd7 Qg5 27. Nf3 Qf4 28. Re7 Rg8 29. Qe6 Kh8 30. Ne5 Qg5 31. Nf7+ 1-0